Baby Boy Names Beginning with 'A' (2015) Quiz Stats

 Plays Quiz not verified by Sporcle

Challenge
Share
Tweet
Embed
Score 0/98 Timer 10:00
0 Plays Today
Rank Names % Correct
30.Andrew
97.9%
279.Andre
97.6%
134.Alex
97.2%
8.Alexander
96.9%
808.Alexzander
96.9%
13.Aiden
92.7%
25.Anthony
92.7%
87.Ayden
92.7%
185.Aidan
92.7%
369.Aden
92.7%
395.Adan
92.7%
783.Aaden
92.7%
802.Aydin
92.7%
961.Aydan
92.7%
73.Adam
92%
52.Aaron
91.6%
739.Aron
91.6%
167.Alan
90.9%
349.Allen
90.9%
656.Allan
90.9%
960.Anton
88.2%
141.Ashton
87.1%
292.Arthur
84.7%
323.Andy
84.3%
440.Albert
84.3%
152.Antonio
83.6%
920.Alfred
80.5%
83.Asher
80.1%
58.Adrian
78.7%
855.Adrien
78.7%
123.Axel
77.4%
761.Axl
77.4%
187.Avery
76.3%
Rank Names % Correct
69.Austin
74.9%
170.Abraham
74.6%
180.Alejandro
72.5%
546.Alberto
71.8%
64.Angel
71.1%
402.Ari
68.6%
325.Ali
67.9%
587.Alfredo
67.9%
343.Alexis
66.2%
298.Angelo
65.2%
195.August
62%
125.Abel
61.7%
305.Anderson
61.7%
228.Andres
59.9%
455.Alec
57.8%
602.Alvin
57.5%
515.Arturo
56.1%
794.Anders
56.1%
526.Alonzo
49.8%
731.Alonso
49.8%
413.Armando
48.4%
418.Ace
47%
467.Augustus
46.3%
383.Abram
45.6%
188.Amir
45.3%
732.Amos
45.3%
836.Ameer
45.3%
792.Alfonso
43.6%
502.Arlo
41.8%
531.Asa
41.8%
289.Archer
41.1%
680.Alessandro
41.1%
720.Alden
41.1%
Rank Names % Correct
1000.Antoine
37.3%
350.Atticus
36.2%
820.Augustine
35.5%
938.Agustin
35.5%
598.Ariel
33.4%
265.Amari
32.8%
835.Amare
32.8%
617.Aldo
32.1%
493.Ahmed
29.3%
697.Aryan
29.3%
709.Arian
29.3%
514.Armani
24.4%
946.Avi
23.7%
751.Apollo
22.3%
565.Ahmad
20.6%
702.Adonis
17.4%
803.Anson
17.4%
654.Abdullah
16.7%
286.Adriel
14.6%
479.Alijah
12.9%
698.Axton
12.9%
699.Azariah
11.5%
909.Alvaro
10.8%
500.Arjun
10.1%
490.Atlas
9.8%
723.Ares
9.4%
968.Achilles
8.4%
637.Ayaan
8%
871.Abdiel
6.3%
528.Aarav
5.9%
912.Anakin
5.2%
971.Aarush
1.4%

You're not logged in!

Compare scores with friends on all Sporcle quizzes.
OR
Log In

You Might Also Like...

Show Comments

Extras

Top Quizzes Today


Score Distribution

Your Account Isn't Verified!

In order to create a playlist on Sporcle, you need to verify the email address you used during registration. Go to your Sporcle Settings to finish the process.

Report this User

Report this user for behavior that violates our Community Guidelines.

Details: